000 00734nam a2200217 a 4500
001 65024
003 BD-RjUL
005 20211209081359.0
008 170226s1973 ii ||||| |||| 00| 0 ben d
035 _a(BD-RjUL)65154
040 _aBD-RjUL
_bben
_cBD-RjUL
_dBD-RjUL
041 _aben
082 _223
_a891.443
_bBAA 1973
100 _aবসু, সমরেশ
_9123829
245 1 0 _aআটাত্তর দিন পরে /
_cসমরেশ বসু
260 _aকলকাতা :
_bকরুণা প্রকাশনী,
_c১৯৭৩ ?
300 _a১০৬ পৃ. ;
_c২৩ সেমি
650 _aবাংলা উপন্যাস
_9123830
650 _aBengali Fiction
_9123831
942 _2ddc
_cBK
999 _c65024
_d65024